Cerita-cerita motivasi untuk jiwa

Main Author: Shukri Ahmad
Other Authors: Wan Ab. Rahman Khudzri Wan Abdullah
Published: Pahang: PTS Publication & Distributors Sdn. Bhd., 2003.
Subjects:
LEADER 00639cam a2200181 7i4500
001 0000129510
005 20170621090000.0
008 170608s2003
020 # 0 |a 9789831925782  
090 0 0 |a BF503   |b .S5 2003 
100 0 # |a Shukri Ahmad  
245 1 0 |a Cerita-cerita motivasi untuk jiwa   |c Prof. Madya Dr. Shukri Ahmad and Wan Ab. Rahman Khudzri Wan Abdullah. 
260 # # |a Pahang:   |b PTS Publication & Distributors Sdn. Bhd.,   |c 2003. 
300 # # |a ii, 228 p.;   |c 22 cm.. 
590 # # |a Perpustakaan Sultanah Sun Zahirah 
650 0 0 |a Motivation (Psychology)  
700 0 1 |a Wan Ab. Rahman Khudzri Wan Abdullah  
999 |a 1100099812  |b Book  |c Open Shelf  |e KOLEKSI TERBUKA